| Поле | Название | Значение |
| |
Тип записи |
a |
| |
Библиографический уровень |
m |
| 001 |
Контрольный номер |
RU/ГПНТБ России/IBIS/84(2=411.2)/П 207-867347016 |
| 005 |
Дата корректировки |
20260507163040.2 |
| 010 |
Индекс ISBN |
__ |
| a |
ISBN |
978-5-378-35309-5 |
| b |
Уточнения |
в пер. |
| 9 |
Тираж |
3000 |
| 100 |
Данные общей обработки |
__ |
| a |
Данные общей обработки |
20260507d2025 dcmy0rusy0250 ca |
| 101 |
Язык документа |
0_ |
| a |
Язык текста |
rus |
| 102 |
Страна публикации |
__ |
| a |
Страна публикации |
RU |
| 105 |
Кодированные данные (монография) |
__ |
| a |
Кодированные данные (монография) |
a zz 000ay |
| 181 |
Поле кодированных данных: вид содержания |
_0 |
| a |
Код вида содержания (ISBD) |
i4 |
| b |
Код характеристики содержания (ISBD) |
e |
| 182 |
Поле кодированных данных: тип средства |
_0 |
| a |
Код типа средства (ISBD) |
n |
| 200 |
Заглавие и сведения об ответственности |
1_ |
| a |
Заглавие |
Патриотические рассказы для школьников |
| e |
Сведения, относящиеся к заглавию |
[для чтения взрослыми детям |
| f |
Первые сведения об ответственности |
художник А. Арестов] |
| g |
Последующие сведения об ответственности |
главный редактор А. Грецкая |
| 203 |
Вид содержания и тип средства |
__ |
| c |
Тип средства |
непосредственный |
| a |
Вид содержания |
Текст |
| b |
Характеристика содержания |
визуальный |
| 210 |
Выходные данные |
1_ |
| a |
Место издания |
Ростов-на-Дону |
| c |
Издательство |
Проф-Пресс |
| d |
Дата издания |
2025 |
| 215 |
Физическое описание |
__ |
| a |
Объем |
94 с. |
| c |
Иллюстрации/тип воспроизводства |
ил. |
| d |
Формат |
22 см |
| 327 |
Примечание о содержании |
1_ |
| a |
Примечание о содержании |
Содержание : Важная профессия/ Л. Назарова ; Лариса Назарова; Друг солдата/ Л. Назарова ; Лариса Назарова; Главная роль/ К. Григорьев ; Константин Григорьев; Крупная рыба/ К. Григорьев ; Константин Григорьев; Про героев/ С. Сорока ; Светлана Сорока; Победитель/ С. Сорока ; Светлана Сорока |
| 333 |
Примечание о целевом назначении |
__ |
| a |
Примечание о целевом назначении |
для детей среднего возраста, 9-14 лет |
| 333 |
Примечание о целевом назначении |
__ |
| a |
Примечание о целевом назначении |
для детей младшего возраста, 5-10 лет |
| 333 |
Примечание о целевом назначении |
__ |
| a |
Примечание о целевом назначении |
для взрослых - родителей |
| 464 |
Аналитический уровень |
_0 |
| 1 |
|
2001 |
| a |
|
Важная профессия |
| f |
|
Л. Назарова ; Лариса Назарова |
| 1 |
|
700 1 |
| a |
|
Назарова, |
| b |
|
Л. |
| 464 |
Аналитический уровень |
_0 |
| 1 |
|
2001 |
| a |
|
Друг солдата |
| f |
|
Л. Назарова ; Лариса Назарова |
| 1 |
|
700 1 |
| a |
|
Назарова, |
| b |
|
Л. |
| 464 |
Аналитический уровень |
_0 |
| 1 |
|
2001 |
| a |
|
Главная роль |
| f |
|
К. Григорьев ; Константин Григорьев |
| 1 |
|
700 1 |
| a |
|
Григорьев, |
| b |
|
К. |
| 464 |
Аналитический уровень |
_0 |
| 1 |
|
2001 |
| a |
|
Крупная рыба |
| f |
|
К. Григорьев ; Константин Григорьев |
| 1 |
|
700 1 |
| a |
|
Григорьев, |
| b |
|
К. |
| 464 |
Аналитический уровень |
_0 |
| 1 |
|
2001 |
| a |
|
Про героев |
| f |
|
С. Сорока ; Светлана Сорока |
| 1 |
|
700 1 |
| a |
|
Сорока, |
| b |
|
С. |
| 464 |
Аналитический уровень |
_0 |
| 1 |
|
2001 |
| a |
|
Победитель |
| f |
|
С. Сорока ; Светлана Сорока |
| 1 |
|
700 1 |
| a |
|
Сорока, |
| b |
|
С. |
| 606 |
Тематические рубрики |
__ |
| 3 |
Контрольный № нормативной записи |
RU\NLR\AUTH\6601716475 |
| a |
Основная рубрика |
Специальная военная операция Российской Федерации |
| x |
Основная подрубрика |
в художественной литературе |
| z |
Хронологическая подрубрика |
2022 |
| 2 |
Код системы |
nlr_sh |
| 610 |
Ключевые слова |
1_ |
| a |
Ключевые слова |
РУССКАЯ ЛИТЕРАТУРА |
| 610 |
Ключевые слова |
1_ |
| a |
Ключевые слова |
РАССКАЗЫ |
| 610 |
Ключевые слова |
1_ |
| a |
Ключевые слова |
СПЕЦИАЛЬНАЯ ВОЕННАЯ ОПЕРАЦИЯ |
| 610 |
Ключевые слова |
1_ |
| a |
Ключевые слова |
СВО |
| 610 |
Ключевые слова |
1_ |
| a |
Ключевые слова |
ДЕТСКАЯ ЛИТЕРАТУРА |
| 686 |
Индексы других классификаций |
__ |
| 2 |
Код системы |
rubbk |
| a |
Классификационный индекс |
84(2=411.2)6-44 |
| v |
Номер издания |
LBC/M |
| 702 |
Вторичная интеллектуальная ответственность |
_1 |
| a |
Фамилия |
Грецкая |
| b |
Имя |
А. |
| g |
Полное личное имя |
Анастасия |
| 4 |
Код отношения |
340 |
| 702 |
Вторичная интеллектуальная ответственность |
_1 |
| a |
Фамилия |
Арестов |
| b |
Имя |
А. |
| g |
Полное личное имя |
Андрей |
| 4 |
Код отношения |
440 |
| 801 |
Источник записи |
_0 |
| b |
Организация |
ГПНТБ России |
| a |
Страна |
RU |
| c |
Дата составления |
20260507 |
| 801 |
Источник записи |
_1 |
| b |
Организация |
ГПНТБ России |
| a |
Страна |
RU |
| c |
Дата составления |
20260507 |
| 852 |
Данные о местонахождении |
5_ |
| a |
Наименование организации |
ГПНТБ России |
| m |
Суффикс шифра хранения |
1111050710 |
| b |
Сигла хранения |
ЦГБ |
| j |
Шифр хранения |
84(2=411.2) |
| p |
Инвентарный номер |
RU |
| 899 |
Данные о местонахождении |
__ |
| a |
Местонахождение |
ГПНТБ России |
| p |
Штрих-код |
1111050710 |
| b |
Место хранения |
ЦГБ |
| h |
Классификационная часть РШ |
84(2=411.2)6-44 |
| i |
Авторский знак |
П 207 |
| 901 |
Тип документа |
__ |
| a |
Ответственный |
заим. |